| 000 | 00427nam a2200157Ia 4500 | ||
|---|---|---|---|
| 008 | 210716s1999 xx 000 0 und d | ||
| 020 | _a8120306678 | ||
| 041 | _aeng | ||
| 082 | _a004.22 TANA | ||
| 100 | _aTanenbaum, Andrew S. | ||
| 245 | _aStructured computer organization. | ||
| 250 | _a5 | ||
| 260 |
_aNew Delhi _bPrentice Hall of India PVt Ltd _c1999 |
||
| 300 | _axx,778/2006 | ||
| 650 | _aComputer Arch., Org.(004.22) | ||
| 999 |
_c187974 _d187974 |
||